00878nam a2200229 i 4500001001000000003000900010005001700019007000300036008004100039040003000080082001400110110009000124245013200214264005700346300003900403336002700442337003300469338002800502490003400530500004000564700004400604000016892DO-SdBNP20250116073944.0ta100312s1996 dr a 001 0 spa d aDO-SdBNPbspacBNPHUerda 4bN964p2221 aRepública Dominicana.bSecretaría de Estado de Educación, Bellas Artes y Cultos10aNueva fase de la transformación curricular :bhacia la culminación del curriculum /cpresentación, Melba Báez de Erazo. aSanto Domingo :bPlan decenal de educación,c1996. axix, 56, [102] páginas ;c27 cm. 2rdacontentatextobtxt 2rdamediaasin mediaciónbn 2rdacarrieravolumenbnc1 aFortalecimiento institucional aDocumento técnico, guía general1 aBáez de Erazo, Melba,epresentación